[Event "MCR senioru 2014 - nad 60 let"]
[Site "Rychnov nad Kneznou"]
[Date "2014.08.17"]
[Round "2.8"]
[White "Glockner, Jaromir"]
[Black "Hastik, Svatopluk"]
[Result "1/2-1/2"]
[WhiteElo "1848"]
[BlackElo "2075"]
[PlyCount "125"]
[EventDate "2014.??.??"]

1. e4 g6 2. d4 Bg7 3. Nc3 d6 4. h3 Nf6 5. Be3 O-O 6. Nf3 c6 7. Qd2 Qa5 8. Bd3
Nbd7 9. Ne2 Qxd2+ 10. Nxd2 e5 11. c3 Re8 12. O-O d5 13. f3 exd4 14. cxd4 dxe4
15. fxe4 Nxe4 16. Nxe4 f5 17. Bc4+ Kf8 18. N2c3 Nb6 19. Bb3 Be6 20. d5 Nxd5 21.
Bc5+ Kg8 22. Nxd5 Bxd5 23. Bxd5+ cxd5 24. Nd6 Re2 25. Rab1 b6 26. Ba3 Bd4+ 27.
Kh1 Bf2 28. Rfd1 d4 29. Bb4 Rd8 30. Nc4 d3 31. Be1 Bxe1 32. Rxe1 b5 33. Na3 b4
34. Nc4 Rd4 35. b3 Rxa2 36. Rbd1 Re2 37. Kg1 Kg7 38. Rxe2 dxe2 39. Re1 Rd3 40.
Na5 Rd5 41. Nc6 Rd3 42. Rxe2 Rxb3 43. Re7+ Kh6 44. Rxa7 Rb1+ 45. Kh2 b3 46. Rb7
b2 47. Ne5 Re1 48. Nf7+ Kg7 49. Nd6+ Kf6 50. Rxb2 Re6 51. Rd2 g5 52. Nc4 h5 53.
Rd6 h4 54. Kg1 g4 55. Kf2 Rxd6 56. Nxd6 Kg5 57. Nc4 Kf4 58. Nd2 Kg5 59. Nb3 f4
60. Nd4 f3 61. Ne6+ Kf6 62. Nd4 fxg2 63. hxg4 1/2-1/2

[Event "MCR senioru 2014 - nad 60 let"]
[Site "Rychnov nad Kneznou"]
[Date "2014.08.17"]
[Round "2.9"]
[White "Haderka, Karel"]
[Black "Trojan, Lubos"]
[Result "1-0"]
[WhiteElo "1836"]
[BlackElo "2032"]
[PlyCount "81"]
[EventDate "2014.??.??"]

1. c4 Nf6 2. Nc3 e5 3. g3 Be7 4. Bg2 d6 5. e3 c6 6. Nge2 O-O 7. d4 Qc7 8. O-O
Nbd7 9. b3 Re8 10. Bb2 Nf8 11. Qd2 Bf5 12. e4 Bd7 13. d5 Ng6 14. Rac1 Qa5 15.
Rfd1 c5 16. f3 h6 17. Kf2 Nh5 18. Ra1 Rf8 19. Qd3 f5 20. exf5 Bxf5 21. Ne4 Nf6
22. N2c3 Qd8 23. Kg1 Kh8 24. Rf1 Qd7 25. Bc1 Rf7 26. Be3 Raf8 27. Qd2 Bxe4 28.
Nxe4 Ng8 29. Qd3 Kh7 30. Rf2 Bd8 31. h4 h5 32. Kh2 N8e7 33. Ng5+ Kg8 34. Nxf7
Rxf7 35. Bh3 Nf5 36. Raf1 Nge7 37. Bg5 g6 38. g4 Nd4 39. gxh5 Nef5 40. hxg6 Rf8
41. Rg1 1-0

[Event "MCR senioru 2014 - nad 60 let"]
[Site "Rychnov nad Kneznou"]
[Date "2014.08.17"]
[Round "2.10"]
[White "Drabek, Miloslav"]
[Black "Klimes, Jiri"]
[Result "1-0"]
[WhiteElo "2028"]
[BlackElo "1889"]
[PlyCount "61"]
[EventDate "2014.??.??"]

1. d4 Nf6 2. Nf3 g6 3. c4 Bg7 4. g3 O-O 5. Bg2 c6 6. O-O d5 7. cxd5 Nxd5 8. Nc3
Nxc3 9. bxc3 Nd7 10. Bf4 Nb6 11. e4 Bg4 12. h3 Be6 13. Qc2 f6 14. Rfd1 Qc8 15.
Kh2 g5 16. Bc1 g4 17. hxg4 Bxg4 18. Re1 e5 19. Nh4 f5 20. f3 Bh5 21. Nxf5 Rxf5
22. exf5 exd4 23. cxd4 Bxd4 24. Rb1 Qd7 25. Bf4 Nd5 26. Qc4 c5 27. Be5 b5 28.
Qxb5 Qxf5 29. Bxd4 cxd4 30. f4 Bf7 31. Re5 1-0

[Event "MCR senioru 2014 - nad 60 let"]
[Site "Hewlett-Packard"]
[Date "2014.08.17"]
[Round "2.11"]
[White "Chmelik, Jiri"]
[Black "Pokorny, Jan"]
[Result "1-0"]
[WhiteElo "1976"]
[BlackElo "1866"]
[PlyCount "153"]
[EventDate "2014.??.??"]

1. d4 Nf6 2. c4 g6 3. Nc3 Bg7 4. e4 d6 5. f3 O-O 6. Be3 c6 7. Bd3 Nbd7 8. Nge2
c5 9. Qd2 cxd4 10. Nxd4 Ne5 11. Be2 Bd7 12. Rc1 Ne8 13. O-O Nc7 14. Kh1 Nc6 15.
Rfd1 Nxd4 16. Bxd4 Bxd4 17. Qxd4 Ne6 18. Qe3 Qa5 19. Rd2 Qc5 20. Nd1 a6 21. Qc3
Nf4 22. Bf1 Rfc8 23. Ne3 Qg5 24. Rdc2 h5 25. Qe1 h4 26. g3 hxg3 27. Qxg3 Qxg3
28. hxg3 Ne6 29. Bh3 f5 30. Kg1 Bc6 31. Nd5 Bxd5 32. cxd5 Rxc2 33. Rxc2 Ng5 34.
Bg2 fxe4 35. f4 Nf3+ 36. Bxf3 exf3 37. Kf1 g5 38. g4 gxf4 39. Kf2 b5 40. Kxf3
a5 41. Rc7 Kf7 42. Kxf4 b4 43. g5 a4 44. Kf5 a3 45. g6+ Kf8 46. b3 Ra5 47. Ke6
Rc5 48. g7+ Kxg7 49. Rxe7+ Kf8 50. Rb7 Rc2 51. Rxb4 Rxa2 52. Ra4 Re2+ 53. Kxd6
a2 54. b4 Rb2 55. b5 Rxb5 56. Rxa2 Rb1 57. Kd7 Rf1 58. Ra8+ Kf7 59. d6 Rf2 60.
Ra4 Rf1 61. Re4 Rf2 62. Kc7 Rc2+ 63. Kd8 Rf2 64. d7 Rf1 65. Rh4 Rf2 66. Re4 Rf1
67. Re5 Rf2 68. Re4 Rf1 69. Rc4 Ra1 70. Rf4+ Kg6 71. Ke7 Re1+ 72. Kd6 Rd1+ 73.
Ke6 Kg7 74. Ke7 Re1+ 75. Kd6 Rd1+ 76. Ke6 Rd2 77. Rf5 1-0

[Event "MCR senioru 2014 - nad 60 let"]
[Site "Hewlett-Packard"]
[Date "2014.08.17"]
[Round "2.12"]
[White "Zboril, Jaroslav"]
[Black "Tomcik, Alexander"]
[Result "1-0"]
[WhiteElo "1973"]
[BlackElo "1862"]
[PlyCount "85"]

1. Nf3 Nf6 2. b3 d5 3. Bb2 Nbd7 4. e3 e6 5. d4 Be7 6. Bd3 O-O 7. O-O c6 8. Nbd2
Qc7 9. Ne5 Nxe5 10. dxe5 Nd7 11. f4 Nc5 12. Be2 f5 13. exf6 Bxf6 14. Bxf6 Rxf6
15. Nf3 Nd7 16. c4 Nf8 17. Rc1 Bd7 18. cxd5 Qb6 19. dxe6 Qxe3+ 20. Kh1 Bxe6 21.
Bc4 Bxc4 22. Rxc4 Ng6 23. Re1 Qb6 24. g3 Rd8 25. Qe2 c5 26. Qe3 Qa6 27. Qf2 b6
28. Rce4 Qd3 29. Ng5 Qd5 30. Qg2 Qd7 31. h4 Nf8 32. Re7 Qg4 33. Qf3 Qxf3+ 34.
Nxf3 Rf7 35. Kg2 Rxe7 36. Rxe7 Rd7 37. Re8 g6 38. Kf2 Rc7 39. Ne5 Kg7 40. Kf3
b5 41. Ke3 h5 42. Kd3 Nh7 43. Re6 1-0

[Event "MCR senioru 2014 - nad 60 let"]
[Site "Hewlett-Packard"]
[Date "2014.08.17"]
[Round "2.13"]
[White "Brhlik, Antonin"]
[Black "Sibl, Vaclav"]
[Result "0-1"]
[WhiteElo "1688"]
[BlackElo "1965"]
[PlyCount "88"]

1. e4 d6 2. d4 Nf6 3. Nc3 e5 4. dxe5 dxe5 5. Qxd8+ Kxd8 6. Bg5 Bd6 7. Bc4 Be6
8. Bxe6 fxe6 9. O-O-O h6 10. Bh4 Ke7 11. Nf3 a6 12. Bxf6+ gxf6 13. Nh4 Rg8 14.
h3 Nc6 15. Ne2 b5 16. g4 Na5 17. Rd3 Nb7 18. Ng3 Rad8 19. Rg1 Nc5 20. Rd2 Na4
21. Rd3 Nb6 22. Rd2 a5 23. Rd3 a4 24. a3 Nd7 25. Kb1 Nc5 26. Rd2 Rb8 27. Ka2 b4
28. axb4 Rxb4 29. f3 Rgb8 30. Rb1 a3 31. b3 R4b7 32. Ne2 Na6 33. Rbd1 Nb4+ 34.
Ka1 Nc6 35. Rb1 Bc5 36. Ng2 Nd4 37. Nxd4 Bxd4+ 38. Ka2 c5 39. c4 Rh8 40. Ne1 h5
41. Rd3 hxg4 42. fxg4 f5 43. exf5 exf5 44. Nc2 fxg4 0-1

[Event "MCR senioru 2014 - nad 60 let"]
[Site "Hewlett-Packard"]
[Date "2014.08.17"]
[Round "2.14"]
[White "Dolezal, Radoslav"]
[Black "Kindl, Frantisek"]
[Result "1-0"]
[WhiteElo "1956"]
[BlackElo "1857"]
[PlyCount "63"]

1. e4 c5 2. c3 Nc6 3. d4 e6 4. Nf3 d5 5. e5 Be7 6. a3 a6 7. Bd3 Bd7 8. Be3 Qc7
9. Nbd2 f6 10. exf6 Nxf6 11. O-O Ng4 12. Qe2 Nxe3 13. fxe3 O-O-O 14. c4 Rde8
15. dxc5 Bxc5 16. b4 Ba7 17. b5 Ne5 18. bxa6 Nxd3 19. axb7+ Kb8 20. Qxd3 dxc4
21. Nxc4 Bc6 22. Nfe5 Bxb7 23. Rf7 Re7 24. Rxe7 Qxe7 25. Rb1 Ka8 26. Kh1 Rd8
27. Qxh7 Qg5 28. Qh3 Bd5 29. Nf7 Qg6 30. Rf1 Bxc4 31. Nxd8 Bxf1 32. Qf3+ 1-0

[Event "MCR seniorou 2014 - nad 60 let"]
[Site "Hewlett-Packard"]
[Date "2014.08.17"]
[Round "2.15"]
[White "Pilar, Miloslav"]
[Black "Laska, Zdenek"]
[Result "1-0"]
[WhiteElo "2225"]
[BlackElo "1823"]
[PlyCount "61"]

1. d4 d5 2. Nf3 Nf6 3. c4 e6 4. Nc3 Be7 5. Bf4 a6 6. cxd5 exd5 7. e3 Bf5 8. Rc1
c6 9. Be2 O-O 10. O-O Re8 11. a3 Bd6 12. Bg3 Bxg3 13. hxg3 Nbd7 14. b4 Ne4 15.
a4 Nxc3 16. Rxc3 Qe7 17. Qb3 f6 18. Rfc1 Rac8 19. b5 axb5 20. axb5 Nb8 21. Ne1
Qd6 22. Nd3 Bxd3 23. Bxd3 Kh8 24. Qa4 g6 25. Be2 f5 26. Bf3 Qd7 27. Qb4 Re6 28.
Qc5 Qd6 29. Bxd5 Qxc5 30. Rxc5 Rd6 31. Bf3 1-0

[Event "MCR senoru 2014 - nad 60 let"]
[Site "Hewlett-Packard"]
[Date "2014.08.17"]
[Round "2.16"]
[White "Grabow, Pouelsten Holm"]
[Black "Prachar, Josef"]
[Result "1-0"]
[WhiteElo "2150"]
[BlackElo "1832"]
[PlyCount "39"]

1. Nf3 Nf6 2. g3 g6 3. Bg2 Bg7 4. O-O O-O 5. c4 c5 6. Nc3 Nc6 7. d4 cxd4 8.
Nxd4 a6 9. b3 Nxd4 10. Qxd4 d6 11. Bb2 Ne8 12. Qd2 Rb8 13. Rfd1 Be6 14. Rac1
Nc7 15. Ne4 f6 16. c5 d5 17. Nc3 f5 18. Nxd5 Bxb2 19. Qxb2 Nxd5 20. Qe5 1-0

[Event "MCR senioru 2014 - nad 60 let"]
[Site "Hewlett-Packard"]
[Date "2014.08.17"]
[Round "2.17"]
[White "Jerman, Richard"]
[Black "Tsapanidis, Vasilis"]
[Result "1-0"]
[WhiteElo "2090"]
[BlackElo "1780"]
[PlyCount "131"]

1. e4 d6 2. d4 g6 3. Nc3 Bg7 4. f4 e6 5. Be3 a6 6. Bd3 Nc6 7. Nf3 Nh6 8. h3 f6
9. f5 exf5 10. Qd2 g5 11. Nxg5 fxe4 12. Bxe4 Ne7 13. Ne6 Bxe6 14. Bxh6 Bxh6 15.
Qxh6 d5 16. Qxf6 Rf8 17. Qxe6 dxe4 18. Qxe4 Qd6 19. O-O-O O-O-O 20. Rhe1 Ng6
21. Qe6+ Kb8 22. Qxd6 Rxd6 23. Ne4 Rd5 24. c3 Rdf5 25. Kd2 Nf4 26. g4 R5f7 27.
Rf1 Nxh3 28. Rxf7 Rxf7 29. Rh1 Nf2 30. Nxf2 Rxf2+ 31. Ke3 Rf7 32. Rh2 Kc8 33.
Ke4 Kd7 34. Ke5 c6 35. Rh5 Ke7 36. Rh6 Kd7 37. c4 Kc7 38. g5 Kd7 39. c5 Ke7 40.
Re6+ Kd7 41. Rf6 Re7+ 42. Kf5 Rg7 43. Rf8 Re7 44. Rg8 Rf7+ 45. Ke5 Re7+ 46. Kf6
Re6+ 47. Kg7 Re7+ 48. Kh6 Ke6 49. Rg7 Rxg7 50. Kxg7 Kf5 51. Kh6 a5 52. b3 Kf4
53. a3 Kf5 54. b4 axb4 55. axb4 Kf4 56. d5 cxd5 57. b5 d4 58. c6 bxc6 59. b6 d3
60. b7 d2 61. b8=Q+ Ke3 62. Qg3+ Ke2 63. Qg2+ Ke1 64. Qe4+ Kf1 65. Qxc6 d1=Q
66. Qh1+ 1-0

[Event "MCR senioru 2014 - nad 60 let"]
[Site "Hewlett-Packard"]
[Date "2014.08.17"]
[Round "2.18"]
[White "Kotva, Milan"]
[Black "Stankev, Martin"]
[Result "1-0"]
[WhiteElo "2037"]
[BlackElo "1804"]
[PlyCount "99"]

1. e4 e5 2. Nf3 Nc6 3. Bb5 Bc5 4. O-O Nd4 5. Nxd4 Bxd4 6. c3 Bb6 7. d4 exd4 8.
cxd4 c6 9. Ba4 d5 10. exd5 Qxd5 11. Be3 Ne7 12. Nc3 Qd6 13. Qf3 O-O 14. Rad1
Nd5 15. Bc2 Nxc3 16. bxc3 Be6 17. a4 Bd5 18. Qh3 g6 19. Rb1 Rfe8 20. g3 Qf6 21.
Qg4 h5 22. Qf4 Qe6 23. Rbe1 Qh3 24. f3 Qd7 25. Bd2 Rxe1 26. Rxe1 Re8 27. Rxe8+
Qxe8 28. Kf2 Qe6 29. Qb8+ Kg7 30. Bh6+ Kh7 31. Qf8 Qf6 32. f4 Qh8 33. Qxh8+
Kxh8 34. Bg5 Kg7 35. Be7 Ba5 36. Bb4 Bc7 37. Ke3 Kf6 38. Kd3 h4 39. c4 hxg3 40.
hxg3 Bf3 41. Ke3 Bg2 42. Bc3 Ke6 43. Bd3 Bb6 44. Kf2 Bh3 45. Be4 Bg4 46. a5 Bc7
47. a6 Bb8 48. axb7 Kd6 49. d5 Kd7 50. dxc6+ 1-0

[Event "MCR senioru 2014 - nad 60 let"]
[Site "Hewlett-Packard"]
[Date "2014.08.17"]
[Round "2.19"]
[White "Vejvoda, Jindrich"]
[Black "Just, Pavel"]
[Result "0-1"]
[WhiteElo "1450"]
[BlackElo "2018"]
[PlyCount "80"]

1. e4 e5 2. Nf3 Nc6 3. d4 exd4 4. Nxd4 Bc5 5. Be3 Qf6 6. c3 Bb6 7. Qd2 Qe5 8.
Nxc6 dxc6 9. Bxb6 axb6 10. Qd4 Qxd4 11. cxd4 Ra4 12. Nc3 Rxd4 13. a3 Nf6 14. f3
Be6 15. Rd1 Rxd1+ 16. Nxd1 Ke7 17. Bd3 Rd8 18. Ke2 Nd7 19. Ne3 Ne5 20. Rd1 f6
21. Bc2 Ra8 22. f4 Nc4 23. Nxc4 Bxc4+ 24. Ke3 b5 25. e5 fxe5 26. Bxh7 exf4+ 27.
Kxf4 Rh8 28. Bf5 Bd5 29. Bh3 Rf8+ 30. Ke3 Kd6 31. Rd2 c5 32. g3 Rf3+ 33. Ke2
Rb3 34. Bg2 c6 35. Kd1 c4 36. Kc2 Kc5 37. g4 Re3 38. Bf1 Be4+ 39. Kc1 Bf3 40.
Kc2 Bxg4 0-1

[Event "MCR senioru 2014 - nad 60 let"]
[Site "Hewlett-Packard"]
[Date "2014.08.17"]
[Round "2.20"]
[White "Pavlis, Jaromir"]
[Black "Svec, Ludek"]
[Result "1/2-1/2"]
[WhiteElo "1948"]
[BlackElo "1693"]
[PlyCount "70"]

1. e4 c5 2. Nc3 e6 3. f4 Nf6 4. Nf3 Be7 5. d3 Nc6 6. Be2 d6 7. O-O Nd4 8. h3
Bd7 9. e5 Nd5 10. Nxd5 exd5 11. c3 Nf5 12. Qe1 O-O 13. d4 cxd4 14. cxd4 Rc8 15.
g4 Nh4 16. Qd1 f5 17. Nxh4 Bxh4 18. g5 Qc7 19. Bd2 dxe5 20. fxe5 Qb6 21. Bf3
Bxg5 22. Bc3 Be6 23. Bg2 Be3+ 24. Kh1 Rc4 25. Qd3 Bxd4 26. Rad1 Bxc3 27. Bxd5
Rc5 28. Bxe6+ Qxe6 29. bxc3 Qc6+ 30. Qf3 Rxc3 31. Qxc6 Rxc6 32. Rd7 Re6 33. Rc1
Rc6 34. Rb1 Rb6 35. Rc1 Rc6 1/2-1/2

[Event "MCR senoru 2014 - nad 70 let"]
[Site "Hewlett-Packard"]
[Date "2014.08.17"]
[Round "2.1"]
[White "Havrlik, Pavel"]
[Black "Vitek, Vaclav"]
[Result "0-1"]
[WhiteElo "1879"]
[BlackElo "2049"]
[PlyCount "112"]

1. c4 Nf6 2. Nc3 e6 3. g3 d5 4. d4 c6 5. Bg2 Be7 6. Nf3 O-O 7. Ne5 Nbd7 8. Nxd7
Nxd7 9. cxd5 exd5 10. O-O f5 11. a3 Bf6 12. e3 Nb6 13. Na4 Nc4 14. b3 Nd6 15.
Nc5 b6 16. Nd3 Ba6 17. Re1 Re8 18. Bb2 Nf7 19. Rc1 Rc8 20. Nb4 Bb7 21. Nd3 Qd7
22. a4 a5 23. Ba3 Ba6 24. Nf4 g6 25. h4 Bg7 26. Qd2 Bh6 27. Nd3 Qd8 28. f4 Bxd3
29. Qxd3 Bf8 30. Bxf8 Kxf8 31. Rc3 Qd6 32. Kf2 Rb8 33. Rec1 Nd8 34. Bf3 Re7 35.
h5 Rf7 36. hxg6 hxg6 37. Rh1 Kg8 38. g4 fxg4 39. Bxg4 Rfb7 40. Rcc1 g5 41. Rcg1
Rg7 42. f5 Rbb7 43. Rg3 Qf6 44. Rgh3 Nf7 45. Bh5 Re7 46. Bg6 Rxg6 47. Qa6 Qxf5+
48. Rf3 Qd7 49. Qa8+ Re8 50. Qa6 g4 51. Rf4 Qe6 52. Qd3 g3+ 53. Ke1 Qxe3+ 54.
Qxe3 Rxe3+ 55. Kd2 g2 56. Rg1 Rxb3 0-1

[Event "MCR senioru 2014 - nad 70 let"]
[Site "Hewlett-Packard"]
[Date "2014.08.17"]
[Round "2.2"]
[White "Jacek, Miloslav"]
[Black "Slechta, Karel"]
[Result "1/2-1/2"]
[WhiteElo "2030"]
[BlackElo "1874"]
[PlyCount "61"]

1. e4 c5 2. Nf3 Nc6 3. Bb5 e6 4. Bxc6 bxc6 5. O-O d6 6. b3 Nf6 7. Re1 Be7 8. e5
dxe5 9. Nxe5 Qc7 10. Bb2 Bb7 11. Na3 O-O 12. Nac4 Nd5 13. Nd3 Rfe8 14. Be5 Qd7
15. Qg4 f6 16. Bb2 Bf8 17. a3 Rad8 18. f4 Ba6 19. Re2 Qf7 20. Qf3 Qc7 21. Rae1
Nb6 22. Rxe6 Rxe6 23. Rxe6 Nxc4 24. bxc4 Bxc4 25. Qxc6 Qxc6 26. Rxc6 Bxd3 27.
cxd3 Rxd3 28. Bc3 Rd6 29. Rc7 Ra6 30. Bb2 Rb6 31. Bc3 1/2-1/2

[Event "MCR senioru 2014 - nad 50 let"]
[Site "Rychnov nad Kneznou"]
[Date "2014.08.18"]
[Round "3.1"]
[White "Urban, Zdenek"]
[Black "Elias, Miroslav"]
[Result "1-0"]
[WhiteElo "2152"]
[BlackElo "2079"]
[PlyCount "63"]
[EventDate "2014.??.??"]

1. d4 Nf6 2. c4 g6 3. g3 Bg7 4. Bg2 d5 5. cxd5 Nxd5 6. Nc3 Nb6 7. Nf3 Nc6 8.
Bf4 O-O 9. e3 Bg4 10. O-O Qd7 11. Re1 Rad8 12. Qe2 h6 13. h4 f6 14. Qc2 e5 15.
dxe5 fxe5 16. Nxe5 Nxe5 17. Bxe5 Bxe5 18. Qxg6+ Qg7 19. Qxg7+ Bxg7 20. Bxb7 Rd2
21. f4 Rxb2 22. Rac1 Rd8 23. a4 Rd3 24. Ne4 Nxa4 25. Rxc7 Bf5 26. g4 Bxg4 27.
Nf2 Rd7 28. Rc8+ Kf7 29. Bc6 Rd6 30. Nxg4 Bc3 31. Rf1 Rg6 32. Be8+ 1-0

[Event "MCR senioru 2014 - nad 50 let"]
[Site "Rychnov nad Kneznou"]
[Date "2014.08.18"]
[Round "3.2"]
[White "Lorenc, Oldrich"]
[Black "Shilov, Sergej"]
[Result "0-1"]
[WhiteElo "2081"]
[BlackElo "2141"]
[PlyCount "58"]
[EventDate "2014.??.??"]

1. c4 e5 2. Nc3 Nf6 3. Nf3 d6 4. d4 exd4 5. Nxd4 g6 6. g3 Bg7 7. Bg2 O-O 8. O-O
Nbd7 9. Rb1 Re8 10. b4 Ng4 11. e3 Nge5 12. Qb3 a5 13. a3 Nd3 14. Nd5 Nxc1 15.
Rbxc1 c6 16. Nf4 axb4 17. axb4 Ne5 18. Nd3 Nxd3 19. Qxd3 Qb6 20. Rb1 Bd7 21. c5
Qc7 22. Rfc1 dxc5 23. bxc5 Bc8 24. Ra1 Rxa1 25. Rxa1 Qe7 26. Qc4 Rd8 27. Ra8
Bf8 28. Ra5 Bg7 29. h4 Bxd4 0-1

[Event "MCR senioru 2014 - nad 50 let"]
[Site "Rychnov nad Kneznou"]
[Date "2014.08.18"]
[Round "3.3"]
[White "Malinovsky, Petr"]
[Black "Nemec, Otakar"]
[Result "1/2-1/2"]
[WhiteElo "1995"]
[BlackElo "1866"]
[PlyCount "106"]
[EventDate "2014.??.??"]

1. d4 Nf6 2. Nf3 g6 3. Bf4 d5 4. h3 Bg7 5. e3 O-O 6. Bd3 c5 7. c3 b6 8. Nbd2
Bb7 9. Ne5 Nbd7 10. O-O e6 11. Qe2 Nxe5 12. Bxe5 Qe7 13. Rfe1 Nd7 14. Bxg7 Kxg7
15. e4 cxd4 16. cxd4 dxe4 17. Bxe4 Bxe4 18. Nxe4 Nf6 19. Nc3 Qd6 20. Rad1 Nd5
21. Nxd5 Qxd5 22. Qe5+ Qxe5 23. dxe5 Rfd8 24. Kf1 Kf8 25. Ke2 Ke7 26. Rxd8 Rxd8
27. Rc1 Rd5 28. Rc7+ Rd7 29. Rc8 Rd8 30. Rxd8 Kxd8 31. Kd3 Kd7 32. g4 h6 33.
Kc4 Kc6 34. a4 a6 35. b3 Kc7 36. a5 Kc6 37. b4 Kc7 38. Kb3 Kc6 39. axb6 Kxb6
40. Ka4 Kb7 41. Ka5 Ka7 42. h4 Kb7 43. b5 axb5 44. Kxb5 Kc7 45. Kc5 Kd7 46. g5
hxg5 47. hxg5 Kc7 48. f3 Kd7 49. Kb6 Kd8 50. Kc6 Kc8 51. Kd6 Kd8 52. f4 Ke8 53.
Kc7 Ke7 1/2-1/2

[Event "MCR senioru 2014 - nad 50 let"]
[Site "Rychnov nad Kneznou"]
[Date "2014.08.18"]
[Round "3.4"]
[White "Vorel, Bohuslav"]
[Black "Stola, Stanislav"]
[Result "1-0"]
[WhiteElo "1633"]
[BlackElo "1480"]
[PlyCount "59"]
[EventDate "2014.??.??"]

1. d4 Nf6 2. c4 g6 3. Nc3 Bg7 4. e4 d6 5. f3 O-O 6. Be3 e5 7. d5 c6 8. Bd3 Nbd7
9. Nge2 a5 10. O-O Nh5 11. Qd2 Nc5 12. dxc6 Nxd3 13. cxb7 Bxb7 14. Qxd3 Nf6 15.
Rfd1 Ne8 16. c5 f5 17. cxd6 fxe4 18. fxe4 Qd7 19. Bc5 Rf6 20. Nd5 Qc6 21. Nxf6+
Nxf6 22. Qc4+ Kh8 23. Ng3 Nd7 24. Rac1 Rf8 25. Be3 Rc8 26. Qxc6 Bxc6 27. Rc3
Bf8 28. Rdc1 Nb8 29. Ba7 Bxd6 30. Bxb8 1-0

[Event "MCR senioru 2014 - nad 50 let"]
[Site "?"]
[Date "2014.08.18"]
[Round "3.5"]
[White "Ruffer, Vaclav"]
[Black "Masek, Jan"]
[Result "0-1"]
[WhiteElo "1645"]
[BlackElo "1930"]
[Annotator "D"]
[PlyCount "44"]
[EventDate "2014.08.18"]
[SourceDate "2014.08.18"]

1. d4 Nf6 2. c4 c5 3. Nf3 cxd4 4. Nxd4 e5 5. Nf3 Nc6 6. e3 Bc5 7. Nc3 O-O 8.
Be2 Qe7 9. Nd5 Nxd5 10. cxd5 e4 11. Nd2 Nb4 12. Qb3 Qe5 13. Bc4 b5 14. Bxb5 Rb8
15. Qa4 Rxb5 16. Nc4 Qxd5 17. Na3 Nd3+ 18. Ke2 Bxa3 19. Qxa3 Qc4 20. Bd2 Nf4+
21. Kd1 Qe2+ 22. Kc2 Nd3 0-1

[Event "MCR senioru 2014 - nad 50 let"]
[Site "Hewlett-Packard"]
[Date "2014.08.18"]
[Round "3.6"]
[White "Dolezal, Rudolf"]
[Black "Nisztuk, Michal"]
[Result "0-1"]
[WhiteElo "1829"]
[BlackElo "1743"]
[PlyCount "88"]

1. d4 d5 2. c4 c6 3. e3 Nf6 4. Nf3 Bg4 5. h3 Bh5 6. cxd5 Nxd5 7. Be2 e6 8. O-O
Bd6 9. Nc3 Nd7 10. a3 Rc8 11. Ne4 Bb8 12. Nfd2 Qc7 13. Ng3 Nxe3 14. fxe3 Qxg3
15. Bxh5 Qxe3+ 16. Kh1 Nf6 17. Re1 Qg3 18. Rxe6+ Kf8 19. Nf1 Qh4 20. Rxf6 Qxf6
21. Be3 Re8 22. Qb3 g6 23. Bf3 Re7 24. Rc1 Kg7 25. Rc5 h6 26. Rc2 Rhe8 27. Rf2
Qd6 28. Bd2 Re1 29. Bxe1 Rxe1 30. g3 Qxg3 31. Qc2 Qxh3+ 32. Kg1 Bh2+ 33. Kh1
Be5+ 34. Kg1 Bxd4 35. Bg2 Qe3 36. b3 Qxf2+ 37. Qxf2 Bxf2+ 38. Kxf2 Ra1 39. a4
Ra2+ 40. Kg3 Rb2 41. Be4 Rxb3+ 42. Kf2 Ra3 43. Bc2 f5 44. Ne3 f4 0-1

[Event "MCR senioru 2014 - nad 50 let"]
[Site "?"]
[Date "2014.08.18"]
[Round "3.7"]
[White "Volfova, Milena"]
[Black "Madera, Stanislav"]
[Result "0-1"]
[WhiteElo "1794"]
[BlackElo "1607"]
[Annotator "D"]
[PlyCount "138"]
[SourceDate "2014.08.18"]

1. e4 d5 2. exd5 Nf6 3. Nf3 Nxd5 4. d4 Bg4 5. Be2 h6 6. h3 Bf5 7. c4 Nb6 8. Nc3
c6 9. O-O e6 10. Be3 Be7 11. Bd3 Bxd3 12. Qxd3 N8d7 13. Rad1 O-O 14. Ne2 Bf6
15. b3 Qe7 16. Rd2 Rad8 17. Qc2 Rfe8 18. Rfd1 Nb8 19. Bf4 Na6 20. Be5 Nd7 21.
Kh1 Qa3 22. Qc1 Be7 23. Qxa3 Bxa3 24. Nc1 Bxc1 25. Rxc1 Nxe5 26. dxe5 Rxd2 27.
Nxd2 Nb4 28. Re1 Rd8 29. Ne4 b6 30. Kg1 a5 31. Re2 Kf8 32. Nd6 Ke7 33. Rd2 f6
34. f4 c5 35. Kf2 fxe5 36. fxe5 Nc6 37. Re2 Rf8+ 38. Kg3 Nxe5 39. Ne4 Nc6 40.
Nc3 Kd7 41. Rd2+ Nd4 42. Nb5 e5 43. Nc3 Kc6 44. Nd5 Rf7 45. Nc3 g5 46. Ne4 Rf4
47. Nc3 e4 48. Nd5 Nf5+ 49. Kh2 e3 50. Re2 Rf2 51. Nc3 Rxe2 52. Nxe2 Nd4 53.
Nc1 b5 54. Kg1 a4 55. Kf1 axb3 56. cxb5+ Kxb5 57. axb3 c4 58. bxc4+ Kxc4 59. g4
Kc3 60. Ke1 Kc2 61. Ne2 Nf3+ 62. Kf1 Kd2 63. Ng3 Kd1 64. Kg2 Nd2 65. Kg1 e2 66.
Nxe2 Kxe2 67. Kg2 Ne4 68. Kg1 Kf3 69. Kh2 Nd2 0-1

[Event "MCR senioru 2014 - nad 50 let"]
[Site "?"]
[Date "2014.08.18"]
[Round "3.8"]
[White "Papacek, Milos"]
[Black "Zoufaly, Petr"]
[Result "1-0"]
[WhiteElo "1719"]
[BlackElo "1761"]
[Annotator "D"]
[PlyCount "85"]
[EventDate "2014.08.18"]
[SourceDate "2014.08.18"]

1. e4 e6 2. Nf3 c5 3. c3 Nc6 4. Bb5 Nf6 5. d3 Be7 6. Nbd2 a6 7. Ba4 b5 8. Bc2
Bb7 9. h3 Qc7 10. Qe2 d6 11. Nf1 b4 12. Bf4 Nd7 13. Ne3 bxc3 14. bxc3 Bf6 15.
Nd1 a5 16. Nd2 Ba6 17. Rb1 Nde5 18. Qe3 O-O 19. g4 Ng6 20. Bg3 Qe7 21. f4 Bh4
22. O-O Rab8 23. Bxh4 Nxh4 24. Ba4 Rxb1 25. Nxb1 Qb7 26. Na3 Ne7 27. Rf2 Qc7
28. f5 d5 29. fxe6 dxe4 30. exf7+ Kh8 31. dxe4 Neg6 32. Be8 Qe5 33. Nb2 Bb7 34.
Nac4 Qxe4 35. Qxe4 Bxe4 36. Na4 Nf3+ 37. Rxf3 Bxf3 38. Nab6 Bc6 39. Nd6 Ne5 40.
Bxc6 Nxc6 41. Nd7 Rxf7 42. Nxf7+ Kg8 43. Nfe5 1-0

[Event "MCR senioru 2014 - nad 50 let"]
[Site "Hewlett-Packard"]
[Date "2014.08.18"]
[Round "3.9"]
[White "Zmeskal, Sranislav"]
[Black "Plachetka, Milan"]
[Result "1-0"]
[WhiteElo "1691"]
[BlackElo "1636"]
[PlyCount "127"]

1. e4 c5 2. Nf3 d6 3. d4 cxd4 4. Nxd4 e5 5. Nf3 Nf6 6. Nc3 Be7 7. Bc4 h6 8. Be3
Nc6 9. Qd2 a6 10. h3 b5 11. Bd5 Bb7 12. O-O Qc7 13. a3 Na5 14. Bxb7 Qxb7 15.
Nd5 Nc4 16. Nxf6+ Bxf6 17. Qd3 Nxe3 18. Qxe3 O-O 19. Rfd1 Be7 20. g4 Rac8 21.
c3 f6 22. Nh4 Rfd8 23. Nf5 Bf8 24. Rd5 Rc6 25. Rad1 Qc7 26. Qd3 g6 27. Ne3 Qc8
28. Qe2 Kg7 29. Kh2 Be7 30. R5d2 Bf8 31. Nd5 Qb7 32. Rc2 Rdc8 33. Rdc1 Rc5 34.
b3 Be7 35. c4 Bd8 36. cxb5 Qxb5 37. Qxb5 axb5 38. Rc3 Kf7 39. Kg2 Ke6 40. Kf1
f5 41. f3 f4 42. Ke2 Kd7 43. Kd3 Ke6 44. b4 Rxc3+ 45. Rxc3 Ra8 46. Kc2 Kd7 47.
Kb3 Ra6 48. Rc1 Ra8 49. Ra1 Kc6 50. a4 bxa4+ 51. Rxa4 Rxa4 52. Kxa4 h5 53. Kb3
hxg4 54. hxg4 Bh4 55. Kc4 Bd8 56. b5+ Kb7 57. Nc3 Ba5 58. Na4 Kc7 59. Kd5 Kd7
60. Nb2 Bd8 61. Nc4 Bc7 62. b6 Bb8 63. Na5 g5 64. Nc6 1-0

[Event "MCR senioru 2014 - nad 50 let"]
[Site "Hewlett-Packard"]
[Date "2014.08.18"]
[Round "3.10"]
[White "Cvejn, Jaroslav"]
[Black "Privoznik, Lubos"]
[Result "1/2-1/2"]
[WhiteElo "1733"]
[BlackElo "1632"]
[PlyCount "107"]

1. e4 e5 2. Nf3 Nf6 3. Nc3 Bb4 4. d3 O-O 5. a3 Bxc3+ 6. bxc3 d5 7. Bg5 dxe4 8.
Bxf6 Qxf6 9. dxe4 Bg4 10. h3 Bxf3 11. Qxf3 Qxf3 12. gxf3 Nd7 13. O-O-O Rad8 14.
Bc4 Nb6 15. Bb3 Rd6 16. Rxd6 cxd6 17. Rd1 Rd8 18. a4 Kf8 19. a5 Nc8 20. Bd5 b6
21. axb6 Nxb6 22. Bb3 Ke7 23. Kb2 f6 24. Ra1 Ra8 25. Ra6 Kd7 26. Ka3 Kc7 27.
Kb4 Kb7 28. Ra5 Rc8 29. Be6 Rc7 30. h4 Re7 31. Bh3 g6 32. c4 Rf7 33. Be6 Rc7
34. Bd5+ Kb8 35. c5 Rxc5 36. Rxc5 dxc5+ 37. Kxc5 Kc7 38. Bg8 h6 39. Kb5 g5 40.
h5 Nd7 41. Ka5 Kb8 42. Kb5 Nb6 43. c4 Nc8 44. c5 Ne7 45. Be6 Kc7 46. Bd5 f5 47.
Be6 f4 48. Bd5 Nc8 49. Ka6 Kb8 50. Kb5 Ne7 51. Be6 Kc7 52. Kc4 Kc6 53. Bd5+ Kc7
54. Be6 1/2-1/2